02686 2200337 4500001002100000005001500021035002000036007000300056008004100059020002200100082001000122084001900132100003300151245021800184250003500402300004300437650003200480650002300512650003000535700003600565700003300601700003900634700002500673520149000698264005402188336002102242337003002263338002302293990001602316990001602332INLIS00000000116582320251006124907 a0010-1025000017ta251006 g 0 ind  a978-623-359-202-4 a628.3 aSR 628.3 BAC k0 aBachtiar W. Mutaqinepenulis1 aKarakteristik sampah pantai di yogyakarta :bperspektif geomorfologi kepesisiran dan oseanografi /cBachtiar W. Mutaqin, Muhammad Nadafa Isnain, Naufal Mumtaz Wahid, Muhammad Fikri Hibatullah; penyunting, Andayani aCetakan pertama, Desember 2023 axvi, 164 halaman :bilustrasi ;c23 cm 4aPembuangan limbah di sungai 4aSampah, Pembuangan 4aPembuangan limbah di laut0 aMuhammad Nadafa Isnainepenulis0 aNaufal Mumtaz Wahidepenulis0 aMuhammad Fikri Hibatullahepenulis0 aAndayaniepenyunting aDaerah Istimewa Yogyakarta mempunyai berbagai macam objek wisata pantai yang juga merupakan sumber pendapatan daerah terbesar. Seiring bertambahnya penduduk, sampah dari aktivitas manusia akan semakin bertambah. Pembangunan secara masif dan aktivitas manusia secara intensif juga dapat mengakibatkan permasatahan tingkungan, satah satunya sampah pantai. Selain itu. Sungai Progo yang bermuara di selatan Yogyakarta juga tercatat datam 20 sungai dunia yang berkontribusi terhadap pencemaran sampah pantai jenis plastik. Oteh karena itu. permasatahan sampah pantai di Yogyakarta menjadi masalah serius karena dapat berdampak pada tingkungan dan sektor pariwisata. Namun, karakteristik sampah pantai di Yogyakarta masih kurang dipahami dan belum banyak dipetajari. Buku ini menjelaskan secara detail karakteristik sampah pantai yang ada di tiga kabupaten pesisir di Yogyakarta: Kulon Progo. Bantut. dan Gunungkidul. Setain itu. buku ini membahas pula pengaruh aspek geomorfologi dan oseanografi terhadap karakteristik sampah pantai yang ditemukan. Parameter yang dibahas meliputi proses sungai datam sebuah DAS pesisir, kemiringan pantai. tipologi pantai, serta parameter oseanografi, seperti arus, getombang, dan pasang surut. Informasi karakteristik sampah pantai di Yogyakarta dapat digunakan sebagai dasar pengambilan kebijakan Pemerintah Daerah Istimewa Yogyakarta di bidang pengendatian pencemaran dan kerusakan kepesisiran dan laut khususnya yang diakibatkan oleh sampah pantai. aYogyakarta :bGadjah Mada University Press,c2023 2rdacontentateks 2rdamediaatanpa perantara 2rdacarrieravolume a56161.66981 a56161.66981